000 01002nam a2200217 i 4500
001 188380
003 ES-MaACL
005 20251002204756.0
008 180906s1924 fr |||| | fre d
245 0 0 _aTraité de pathologie médicale et de thérapeutique appliquée / publié sous la direction de Emile Sergent, .L. Ribadeau-Dumas, L. Babonneix,.
_nXXVII,
_pDiagnostics de laboratoire, I. Introduction. Méthodes usuelles de laboratoire appliquées au diagnostic des malades /
_cpar MM. le professeur Letulle et P. Pruvost.
260 _aParis :
_bA. Maloine,
_c1924.
300 _a730 p. :
_bil. ;
_c21 cm.
650 4 _aDiagnóstico de laboratorio.
_9158370
700 1 _aSergent, Émile,
_d1867-1943
_9151848
700 1 _aRibadeau-Dumas, Louis (
_d1876-1951)
_9151844
700 1 _aBabonneix, Léon,
_d1876-1942
_9151847
700 1 _aLetulle, Maurice,
_d1853-1929
_971893
700 1 _aPruvost, Pierre,
_d1882-1970
_994090
852 _aES-MaACL
_jC-16759
999 _c188380
_d188380